Doing action research in your own organization

محفوظ في:
التفاصيل البيبلوغرافية
المؤلف الرئيسي: COGHLAN, David
التنسيق: كتاب
اللغة:الإنجليزية
منشور في: Sage Publications, 2014.
الوسوم: إضافة وسم
لا توجد وسوم, كن أول من يضع وسما على هذه التسجيلة!

MARC

LEADER 00000nam a22000007a 4500
008 210526b ||||| |||| 00| 0 eng d
020 |a 978-1-4462-7257-2 
100 |a COGHLAN, David. 
245 |a Doing action research in your own organization  |c David Coghlan & Teresa Brannick  |g xxi, 206p. ; ill. 
250 |b 4th ed. 
260 |b Sage Publications,   |c 2014.  |h Los Angeles:   |i 692094   |i 692095   |l H62 .C65  |m Action research.   |m Organizational change. 
500 |a “It includes references and index”. 
942 |a lcc  |c BK  |e Adeniran, F. A  |f 26/05/2021 
952 |0 0  |1 0  |2 lcc  |4 0  |6 H0062 C65  |7 0  |9 2437  |a HOL  |b SSL  |c GJ  |d 2021-05-26  |l 0  |o H62 .C65  |p 2021-6288  |r 2021-05-26 00:00:00  |w 2021-05-26  |y BK 
952 |0 0  |1 0  |2 lcc  |4 0  |6 H0062 C65  |7 0  |9 2438  |a HOL  |b HOL  |c GJ  |d 2021-05-26  |l 0  |o H62 .C65  |p 2021-6289  |r 2021-05-26 00:00:00  |w 2021-05-26  |y BK 
999 |c 1271  |d 1271